[Event "Campeonato España Sub 16"]
[Site "Salobreña"]
[Date "2017.07.26"]
[Round "5"]
[White "Merelo Garcia, Francisco"]
[Black "Castillo Dalmau, Albert"]
[Result "0-1"]
[Board "6"]
[WhiteClock "1:30"]
[WhiteElo "1994"]
[WhiteCountry "ESP"]
[WhiteFideId "32092539"]
[WhiteEloChange "-4"]
[BlackClock "1:30"]
[BlackElo "2258"]
[BlackCountry "ESP"]
[BlackFideId "32009925"]
[BlackEloChange "4"]

1. e4 {[%clk 1:30:00]} c5 {[%clk 1:30:00]} 2. Nf3 {[%clk 1:31:00]} e6 {[%clk
1:31:00]} 3. d4 {[%clk 1:31:00]} cxd4 {[%clk 1:31:00]} 4. Nxd4 {[%clk 1:31:00]}
Nc6 {[%clk 1:31:00]} 5. c4 {[%clk 1:26:00]} Nf6 {[%clk 1:32:00]} 6. Nc3 {[%clk
1:26:00]} Bb4 {[%clk 1:32:00]} 7. f3 {[%clk 1:22:00]} O-O {[%clk 1:28:00]} 8.
Nxc6 {[%clk 1:15:00]} bxc6 {[%clk 1:21:00]} 9. Bd3 {[%clk 1:09:00]} e5 {[%clk
1:16:00]} 10. O-O {[%clk 1:07:00]} Bc5+ {[%clk 1:12:00]} 11. Kh1 {[%clk 1:07:00]}
d6 {[%clk 1:12:00]} 12. g4 {[%clk 1:00:00]} Rb8 {[%clk 0:53:00]} 13. Rb1 {[%clk
0:50:00]} Nd7 {[%clk 0:51:00]} 14. Qe1 {[%clk 0:46:00]} Bd4 {[%clk 0:49:00]} 15.
Ne2 {[%clk 0:44:00]} c5 {[%clk 0:38:00]} 16. Kg2 {[%clk 0:34:00]} Re8 {[%clk
0:30:00]} 17. h3 {[%clk 0:31:00]} Nf8 {[%clk 0:29:00]} 18. f4 {[%clk 0:32:00]}
exf4 {[%clk 0:28:00]} 19. Nxf4 {[%clk 0:32:00]} Ne6 {[%clk 0:26:00]} 20. Nd5
{[%clk 0:29:00]} Bb7 {[%clk 0:23:00]} 21. Qg3 {[%clk 0:26:00]} Be5 {[%clk
0:21:00]} 22. Qf2 {[%clk 0:24:00]} Qd7 {[%clk 0:20:00]} 23. b3 {[%clk 0:24:00]}
Bc6 {[%clk 0:19:39]} 24. Bd2 {[%clk 0:21:00]} Rb7 {[%clk 0:15:16]} 25. g5 {[%clk
0:20:00]} Reb8 {[%clk 0:13:57]} 26. h4 {[%clk 0:18:46]} a5 {[%clk 0:14:16]} 27.
Bc2 {[%clk 0:11:17]} Nd4 {[%clk 0:13:18]} 28. Bd1 {[%clk 0:10:48]} a4 {[%clk
0:13:37]} 29. Qe3 {[%clk 0:09:55]} axb3 {[%clk 0:13:35]} 30. axb3 {[%clk
0:10:16]} Ra7 {[%clk 0:11:58]} 31. h5 {[%clk 0:09:05]} Ra2 {[%clk 0:09:04]} 32.
Qd3 {[%clk 0:06:45]} Ba4 {[%clk 0:07:59]} 33. Nc3 {[%clk 0:06:27]} Rxd2+ {[%clk
0:04:53]} 34. Qxd2 {[%clk 0:06:43]} Bxb3 {[%clk 0:02:28]} 35. Nd5 {[%clk
0:05:39]} Rb7 {[%clk 0:00:49]} 36. Ra1 {[%clk 0:04:36]} Rb8 {[%clk 0:00:47]} 37.
Rb1 {[%clk 0:03:55]} Rb7 {[%clk 0:01:13]} 38. Ne3 {[%clk 0:03:46]} Qc6 {[%clk
0:00:59]} 39. Qd3 {[%clk 0:03:40]} Ba2 {[%clk 0:00:34]} 40. Rxb7 {[%clk 0:02:47]}
Qxb7 {[%clk 0:01:02]} 41. Rf2 {[%clk 0:03:05]} Bb1 {[%clk 0:01:14]} 42. Nc2
{[%clk 0:02:37]} Ne6 {[%clk 0:01:18]} 43. Qe3 {[%clk 0:02:26]} Bxc2 {[%clk
0:01:31]} 44. Rxc2 {[%clk 0:02:29]} Nf4+ {[%clk 0:01:33]} 45. Kf1 {[%clk
0:01:53]} Qb1 {[%clk 0:01:13]} 46. Qc1 {[%clk 0:01:50]} Qb3 {[%clk 0:01:34]} 47.
Rf2 {[%clk 0:00:44]} Qh3+ {[%clk 0:01:51]} 48. Kg1 {[%clk 0:00:37]} Qg3+ {[%clk
0:02:10]} 49. Kf1 {[%clk 0:01:00]} Qh3+ {[%clk 0:02:08]} 50. Kg1 {[%clk 0:01:21]}
Nd3 {[%clk 0:02:05]} 51. Rg2 {[%clk 0:01:04]} Nxc1 {[%clk 0:02:05]} 0-1

[Event "Campeonato España Sub 16"]
[Site "Salobreña"]
[Date "2017.07.26"]
[Round "5"]
[White "Ledesma Claros, Daniel"]
[Black "Aguilera Lopez, Alejandro"]
[Result "1-0"]
[Board "7"]
[WhiteClock "1:30"]
[WhiteElo "1940"]
[WhiteCountry "ESP"]
[WhiteFideId "24521558"]
[WhiteEloChange "17"]
[BlackClock "1:30"]
[BlackElo "2251"]
[BlackCountry "ESP"]
[BlackFideId "32093810"]
[BlackEloChange "-17"]

1. c4 {[%clk 1:30:00]} e5 {[%clk 1:30:00]} 2. Nc3 {[%clk 1:31:00]} Nc6 {[%clk
1:31:00]} 3. g3 {[%clk 1:31:00]} Bc5 {[%clk 1:31:00]} 4. Bg2 {[%clk 1:32:00]} d6
{[%clk 1:31:00]} 5. e3 {[%clk 1:32:00]} a6 {[%clk 1:32:00]} 6. Nge2 {[%clk
1:33:00]} Ba7 {[%clk 1:32:00]} 7. O-O {[%clk 1:33:00]} h5 {[%clk 1:32:00]} 8. d4
{[%clk 1:32:00]} exd4 {[%clk 1:28:00]} 9. Nxd4 {[%clk 1:31:00]} Nge7 {[%clk
1:26:00]} 10. Nd5 {[%clk 1:22:00]} h4 {[%clk 1:23:00]} 11. Nxc6 {[%clk 1:20:00]}
Nxc6 {[%clk 1:23:00]} 12. b4 {[%clk 1:20:00]} Ne5 {[%clk 1:21:00]} 13. Bb2 {[%clk
1:18:00]} Bg4 {[%clk 1:20:00]} 14. Qc2 {[%clk 1:12:00]} Qd7 {[%clk 1:20:00]} 15.
Bxe5 {[%clk 1:04:00]} dxe5 {[%clk 1:20:00]} 16. Qe4 {[%clk 1:04:00]} O-O {[%clk
1:07:00]} 17. Qxe5 {[%clk 1:03:00]} c6 {[%clk 1:03:00]} 18. Ne7+ {[%clk 1:03:00]}
Kh8 {[%clk 1:01:00]} 19. Qg5 {[%clk 1:03:00]} Qe6 {[%clk 0:54:00]} 20. Qxh4+
{[%clk 1:03:00]} Qh6 {[%clk 0:55:00]} 21. Qxg4 {[%clk 1:03:00]} g6 {[%clk
0:55:00]} 22. Rad1 {[%clk 1:01:00]} Rad8 {[%clk 0:50:00]} 23. Rxd8 {[%clk
0:56:00]} Rxd8 {[%clk 0:51:00]} 24. Rd1 {[%clk 0:56:00]} Rxd1+ {[%clk 0:50:00]}
25. Qxd1 {[%clk 0:57:00]} Bxe3 {[%clk 0:48:00]} 26. Qd8+ {[%clk 0:57:00]} Kg7
{[%clk 0:49:00]} 27. fxe3 {[%clk 0:42:00]} Qxe3+ {[%clk 0:49:00]} 28. Kf1 {[%clk
0:43:00]} Qc1+ {[%clk 0:48:00]} 29. Ke2 {[%clk 0:42:00]} Qxc4+ {[%clk 0:48:00]}
30. Qd3 {[%clk 0:40:00]} Qxa2+ {[%clk 0:48:00]} 31. Kf3 {[%clk 0:39:00]} Qb2
{[%clk 0:47:00]} 32. Qd6 {[%clk 0:31:00]} Kh7 {[%clk 0:38:00]} 33. h4 {[%clk
0:31:00]} Kg7 {[%clk 0:37:00]} 34. h5 {[%clk 0:27:00]} Qc3+ {[%clk 0:36:00]} 35.
Kg4 {[%clk 0:26:00]} Qc4+ {[%clk 0:35:00]} 36. Kh3 {[%clk 0:26:00]} Qe2 {[%clk
0:33:00]} 37. Qd4+ {[%clk 0:23:00]} Kf8 {[%clk 0:33:00]} 38. Qd8+ {[%clk
0:23:00]} Kg7 {[%clk 0:33:00]} 39. h6+ {[%clk 0:23:00]} Kxh6 {[%clk 0:33:00]} 40.
Qh8+ {[%clk 0:23:00]} Kg5 {[%clk 0:33:00]} 41. Qh4# {[%clk 0:23:00]} 1-0

[Event "Campeonato España Sub 16"]
[Site "Salobreña"]
[Date "2017.07.26"]
[Round "5"]
[White "Sanchez Serrano, Emilio"]
[Black "Orantes Taboada, Francisco"]
[Result "0-1"]
[Board "8"]
[WhiteClock "1:30"]
[WhiteElo "1928"]
[WhiteCountry "ESP"]
[WhiteFideId "32051174"]
[WhiteEloChange "-4"]
[BlackClock "1:30"]
[BlackTitle "FM"]
[BlackElo "2183"]
[BlackCountry "ESP"]
[BlackFideId "22274758"]
[BlackEloChange "4"]

1. d4 {[%clk 1:30:00]} Nf6 {[%clk 1:30:00]} 2. c4 {[%clk 1:31:00]} c5 {[%clk
1:31:00]} 3. d5 {[%clk 1:31:00]} b5 {[%clk 1:31:00]} 4. cxb5 {[%clk 1:32:00]} a6
{[%clk 1:32:00]} 5. bxa6 {[%clk 1:32:00]} g6 {[%clk 1:32:00]} 6. Nc3 {[%clk
1:32:00]} Bg7 {[%clk 1:32:00]} 7. g3 {[%clk 1:33:00]} d6 {[%clk 1:32:00]} 8. Bg2
{[%clk 1:33:00]} O-O {[%clk 1:32:00]} 9. Nf3 {[%clk 1:34:00]} Nxa6 {[%clk
1:29:00]} 10. O-O {[%clk 1:32:00]} Rb8 {[%clk 1:28:00]} 11. Nd2 {[%clk 1:25:00]}
Nd7 {[%clk 1:28:00]} 12. Nc4 {[%clk 1:23:00]} Nb6 {[%clk 1:25:00]} 13. Nxb6
{[%clk 1:08:00]} Qxb6 {[%clk 1:24:00]} 14. Qd2 {[%clk 1:01:00]} c4 {[%clk
1:22:00]} 15. Qe3 {[%clk 0:52:00]} Qxe3 {[%clk 1:22:00]} 16. fxe3 {[%clk
0:52:00]} Bf5 {[%clk 1:20:00]} 17. e4 {[%clk 0:49:00]} Bd7 {[%clk 1:18:00]} 18.
h3 {[%clk 0:40:00]} Nc5 {[%clk 1:14:00]} 19. Rf3 {[%clk 0:39:00]} Na4 {[%clk
0:59:00]} 20. Nxa4 {[%clk 0:38:00]} Bxa4 {[%clk 0:58:00]} 21. Bf1 {[%clk
0:34:00]} Rxb2 {[%clk 0:57:00]} 22. Bxb2 {[%clk 0:27:00]} Bxb2 {[%clk 0:57:00]}
23. Re1 {[%clk 0:24:00]} c3 {[%clk 0:58:00]} 24. Bg2 {[%clk 0:25:00]} c2 {[%clk
0:58:00]} 25. Rff1 {[%clk 0:25:00]} Rc8 {[%clk 0:58:00]} 26. Kf2 {[%clk 0:24:00]}
c1Q {[%clk 0:58:00]} 27. Rxc1 {[%clk 0:24:00]} Bxc1 {[%clk 0:58:00]} 0-1

[Event "Campeonato España Sub 16"]
[Site "Salobreña"]
[Date "2017.07.26"]
[Round "5"]
[White "Gonzalez Serrato, Diego"]
[Black "Baquedano Coarasa, Pablo"]
[Result "1-0"]
[Board "9"]
[WhiteClock "1:30"]
[WhiteElo "1883"]
[WhiteCountry "ESP"]
[WhiteFideId "32069170"]
[WhiteEloChange "16"]
[BlackClock "1:30"]
[BlackElo "2151"]
[BlackCountry "ESP"]
[BlackFideId "32024991"]
[BlackEloChange "-16"]

1. e4 {[%clk 1:30:00]} c5 {[%clk 1:30:00]} 2. Nf3 {[%clk 1:31:00]} d6 {[%clk
1:31:00]} 3. Bb5+ {[%clk 1:31:00]} Bd7 {[%clk 1:31:00]} 4. Bxd7+ {[%clk 1:32:00]}
Qxd7 {[%clk 1:32:00]} 5. c4 {[%clk 1:32:00]} g6 {[%clk 1:32:00]} 6. d4 {[%clk
1:32:00]} cxd4 {[%clk 1:32:00]} 7. Nxd4 {[%clk 1:33:00]} Bg7 {[%clk 1:33:00]} 8.
Nc3 {[%clk 1:33:00]} Nf6 {[%clk 1:33:00]} 9. f3 {[%clk 1:32:00]} O-O {[%clk
1:34:00]} 10. Be3 {[%clk 1:33:00]} Nc6 {[%clk 1:25:00]} 11. O-O {[%clk 1:33:00]}
Rac8 {[%clk 1:22:00]} 12. b3 {[%clk 1:32:00]} Rfd8 {[%clk 1:06:00]} 13. Qd2
{[%clk 1:27:00]} e6 {[%clk 0:56:00]} 14. Rac1 {[%clk 1:25:00]} d5 {[%clk
0:47:00]} 15. exd5 {[%clk 1:16:00]} exd5 {[%clk 0:48:00]} 16. Nxc6 {[%clk
1:12:00]} bxc6 {[%clk 0:41:00]} 17. cxd5 {[%clk 1:12:00]} Nxd5 {[%clk 0:36:00]}
18. Nxd5 {[%clk 1:11:00]} Qxd5 {[%clk 0:31:00]} 19. Rfd1 {[%clk 1:07:00]} Qxd2
{[%clk 0:25:00]} 20. Rxd2 {[%clk 1:07:00]} Rxd2 {[%clk 0:17:50]} 21. Bxd2 {[%clk
1:07:00]} Bd4+ {[%clk 0:17:57]} 22. Kf1 {[%clk 1:07:00]} c5 {[%clk 0:17:58]} 23.
Ke2 {[%clk 1:06:00]} Rd8 {[%clk 0:16:21]} 24. Rc4 {[%clk 0:50:00]} Rd7 {[%clk
0:13:25]} 25. Bc3 {[%clk 0:47:00]} Re7+ {[%clk 0:11:27]} 26. Kd3 {[%clk 0:45:00]}
Bg1 {[%clk 0:10:14]} 27. h3 {[%clk 0:43:00]} f5 {[%clk 0:09:40]} 28. f4 {[%clk
0:35:00]} Kf7 {[%clk 0:09:15]} 29. Be5 {[%clk 0:34:00]} Rd7+ {[%clk 0:08:53]} 30.
Kc2 {[%clk 0:34:00]} Be3 {[%clk 0:08:49]} 31. Ra4 {[%clk 0:31:00]} Ke6 {[%clk
0:03:10]} 32. Ra6+ {[%clk 0:28:00]} Kd5 {[%clk 0:03:39]} 33. Kd3 {[%clk 0:27:00]}
Bf2 {[%clk 0:02:51]} 34. a4 {[%clk 0:24:00]} g5 {[%clk 0:00:57]} 35. Rf6 {[%clk
0:23:00]} gxf4 {[%clk 0:00:34]} 36. Rxf5 {[%clk 0:21:00]} Ke6+ {[%clk 0:01:01]}
37. Ke4 {[%clk 0:22:00]} Be3 {[%clk 0:01:21]} 38. Rh5 {[%clk 0:22:00]} Re7 {[%clk
0:00:58]} 39. Rh6+ {[%clk 0:19:44]} Kd7 {[%clk 0:01:27]} 40. Kd5 {[%clk 0:19:06]}
Rf7 {[%clk 0:00:42]} 41. Ra6 {[%clk 0:19:17]} Kc8 {[%clk 0:00:42]} 42. Re6 {[%clk
0:18:39]} Kd7 {[%clk 0:00:41]} 43. Rc6 {[%clk 0:16:47]} Kd8 {[%clk 0:00:46]} 44.
Bf6+ {[%clk 0:15:25]} Kd7 {[%clk 0:00:40]} 45. Ra6 {[%clk 0:15:33]} Kc8 {[%clk
0:00:40]} 46. Rc6+ {[%clk 0:08:25]} Kb7 {[%clk 0:00:34]} 47. Re6 {[%clk 0:06:52]}
Kc8 {[%clk 0:01:02]} 48. Be5 {[%clk 0:06:58]} Kd7 {[%clk 0:01:18]} 49. Rd6+
{[%clk 0:06:51]} Kc8 {[%clk 0:01:17]} 50. a5 {[%clk 0:06:34]} Kb7 {[%clk
0:00:51]} 51. a6+ {[%clk 0:06:52]} Kc8 {[%clk 0:01:19]} 52. Rc6+ {[%clk 0:06:30]}
Kd8 {[%clk 0:01:22]} 53. Rd6+ {[%clk 0:05:33]} Kc8 {[%clk 0:01:32]} 54. Re6
{[%clk 0:05:12]} Kd7 {[%clk 0:01:25]} 55. Rb6 {[%clk 0:04:37]} Kc8 {[%clk
0:00:36]} 56. Rb8+ {[%clk 0:04:50]} Kd7 {[%clk 0:00:59]} 57. Rb7+ {[%clk
0:04:50]} Ke8 {[%clk 0:01:25]} 58. Rxf7 {[%clk 0:01:25]} Kxf7 {[%clk 0:01:54]}
59. Bb8 {[%clk 0:03:44]} h5 {[%clk 0:01:21]} 60. Kc4 {[%clk 0:04:07]} Ke6 {[%clk
0:01:33]} 61. Bxa7 {[%clk 0:04:22]} Kd6 {[%clk 0:01:58]} 62. Bb6 {[%clk 0:04:04]}
Kc6 {[%clk 0:02:23]} 63. a7 {[%clk 0:04:27]} Kb7 {[%clk 0:02:38]} 64. Bxc5 {[%clk
0:04:27]} 1-0

[Event "Campeonato España Sub 16"]
[Site "Salobreña"]
[Date "2017.07.26"]
[Round "5"]
[White "Moreno Alcaraz, Jose Javier"]
[Black "Munoz Pelaez, Manuel"]
[Result "0-1"]
[Board "10"]
[WhiteClock "1:30"]
[WhiteElo "1872"]
[WhiteCountry "ESP"]
[WhiteFideId "32033303"]
[WhiteEloChange "-4"]
[BlackClock "1:30"]
[BlackElo "2104"]
[BlackCountry "ESP"]
[BlackFideId "22274723"]
[BlackEloChange "4"]

1. e4 {[%clk 1:30:00]} e6 {[%clk 1:30:00]} 2. d4 {[%clk 1:31:00]} d5 {[%clk
1:30:00]} 3. e5 {[%clk 1:31:00]} c5 {[%clk 1:30:00]} 4. c3 {[%clk 1:30:00]} Qb6
{[%clk 1:31:00]} 5. Nf3 {[%clk 1:30:00]} Nc6 {[%clk 1:31:00]} 6. Be2 {[%clk
1:30:00]} cxd4 {[%clk 1:29:00]} 7. cxd4 {[%clk 1:30:00]} Nh6 {[%clk 1:30:00]} 8.
Be3 {[%clk 1:12:00]} Qxb2 {[%clk 1:25:00]} 9. Nbd2 {[%clk 1:12:00]} Nf5 {[%clk
1:21:00]} 10. Rb1 {[%clk 1:01:00]} Qa3 {[%clk 1:15:00]} 11. Rb3 {[%clk 0:59:00]}
Qxa2 {[%clk 1:13:00]} 12. O-O {[%clk 0:58:00]} Be7 {[%clk 1:11:00]} 13. g4 {[%clk
0:47:00]} Nxe3 {[%clk 1:08:00]} 14. Rxe3 {[%clk 0:48:00]} O-O {[%clk 1:06:00]}
15. Bd3 {[%clk 0:45:00]} g6 {[%clk 0:51:00]} 16. h4 {[%clk 0:42:00]} Kg7 {[%clk
0:49:00]} 17. Bb1 {[%clk 0:37:00]} Qa5 {[%clk 0:49:00]} 18. Nb3 {[%clk 0:37:00]}
Qb6 {[%clk 0:48:00]} 19. h5 {[%clk 0:35:00]} a5 {[%clk 0:48:00]} 20. Kg2 {[%clk
0:26:00]} a4 {[%clk 0:44:00]} 21. Na1 {[%clk 0:26:00]} Bd7 {[%clk 0:44:00]} 22.
Rh1 {[%clk 0:25:00]} Qb2 {[%clk 0:35:00]} 23. Re2 {[%clk 0:19:18]} Qxa1 {[%clk
0:16:39]} 24. hxg6 {[%clk 0:13:15]} hxg6 {[%clk 0:17:04]} 25. Qc1 {[%clk
0:13:36]} Rh8 {[%clk 0:17:29]} 26. Rxh8 {[%clk 0:12:13]} Rxh8 {[%clk 0:17:42]}
27. Ra2 {[%clk 0:12:32]} Qxa2 {[%clk 0:18:03]} 28. Bxa2 {[%clk 0:13:00]} b5
{[%clk 0:18:03]} 29. Qb2 {[%clk 0:11:14]} b4 {[%clk 0:16:56]} 30. Nd2 {[%clk
0:10:22]} Na5 {[%clk 0:15:31]} 31. f4 {[%clk 0:06:31]} b3 {[%clk 0:15:14]} 32.
Bb1 {[%clk 0:04:29]} Nc4 {[%clk 0:14:56]} 33. Nxc4 {[%clk 0:03:10]} dxc4 {[%clk
0:15:25]} 34. f5 {[%clk 0:03:16]} exf5 {[%clk 0:14:30]} 35. gxf5 {[%clk 0:02:54]}
Bxf5 {[%clk 0:13:00]} 36. Bxf5 {[%clk 0:02:27]} gxf5 {[%clk 0:13:29]} 37. d5
{[%clk 0:02:22]} a3 {[%clk 0:12:20]} 38. Qf2 {[%clk 0:01:41]} a2 {[%clk 0:08:35]}
39. Qg3+ {[%clk 0:01:58]} Kf8 {[%clk 0:08:49]} 40. Qc3 {[%clk 0:02:11]} Kg7
{[%clk 0:06:03]} 41. Qg3+ {[%clk 0:02:15]} Kh7 {[%clk 0:05:27]} 42. Qh3+ {[%clk
0:02:25]} Kg6 {[%clk 0:05:38]} 43. Qc3 {[%clk 0:01:57]} Ra8 {[%clk 0:05:38]} 0-1

[Event "Campeonato España Sub 16"]
[Site "Salobreña"]
[Date "2017.07.26"]
[Round "5"]
[White "Fernandez Camello, Alejandro"]
[Black "Rodriguez Izquierdo, Luis"]
[Result "1-0"]
[Board "11"]
[WhiteClock "n/a"]
[WhiteElo "2097"]
[WhiteCountry "ESP"]
[WhiteFideId "32038992"]
[WhiteEloChange "10"]
[BlackClock "n/a"]
[BlackElo "2088"]
[BlackCountry "ESP"]
[BlackFideId "32051603"]
[BlackEloChange "-10"]

1. Nf3 {[%clk 1:30:30]} c5 {[%clk 1:30:30]} 2. c4 {[%clk 1:30:30]} Nc6 {[%clk
1:30:30]} 3. d4 {[%clk 1:30:30]} cxd4 {[%clk 1:30:30]} 4. Nxd4 {[%clk 1:30:30]}
g6 {[%clk 1:30:30]} 5. e4 {[%clk 1:30:30]} Bg7 {[%clk 1:30:30]} 6. Be3 {[%clk
1:30:30]} Nf6 {[%clk 1:30:30]} 7. Nc3 {[%clk 1:30:30]} O-O {[%clk 1:30:30]} 8.
Be2 {[%clk 1:30:30]} d6 {[%clk 1:30:30]} 9. O-O {[%clk 1:30:30]} Bd7 {[%clk
1:30:30]} 10. Qd2 {[%clk 1:30:30]} Nxd4 {[%clk 1:30:30]} 11. Bxd4 {[%clk
1:30:30]} Bc6 {[%clk 1:30:30]} 12. f3 {[%clk 1:30:30]} a5 {[%clk 1:30:30]} 13. b3
{[%clk 1:30:30]} Nd7 {[%clk 1:30:30]} 14. Bxg7 {[%clk 1:30:30]} Kxg7 {[%clk
1:30:30]} 15. Qd4+ {[%clk 1:30:30]} Kg8 {[%clk 1:30:30]} 16. f4 {[%clk 1:30:30]}
Qb6 {[%clk 1:30:30]} 17. Qxb6 {[%clk 1:30:30]} Nxb6 {[%clk 1:30:30]} 18. Nd5
{[%clk 1:30:30]} Bxd5 {[%clk 1:30:30]} 19. cxd5 {[%clk 1:30:30]} Nd7 {[%clk
1:30:30]} 20. Kf2 {[%clk 1:30:30]} f5 {[%clk 1:30:30]} 21. Ke3 {[%clk 1:30:30]}
Nf6 {[%clk 1:30:30]} 22. Rac1 {[%clk 1:30:30]} Nxe4 {[%clk 1:30:30]} 23. Rc7
{[%clk 1:30:30]} Kf7 {[%clk 1:30:30]} 24. Rxb7 {[%clk 1:30:30]} Nc3 {[%clk
1:30:30]} 25. Kd2 {[%clk 1:30:30]} Nxa2 {[%clk 1:30:30]} 26. Ra1 {[%clk 1:30:30]}
Nb4 {[%clk 1:30:30]} 27. Rb5 {[%clk 1:30:30]} Rfc8 {[%clk 1:30:30]} 28. Bc4
{[%clk 1:30:30]} Na6 {[%clk 1:30:30]} 29. Rbxa5 {[%clk 1:30:30]} Nc7 {[%clk
1:30:30]} 30. Rxa8 {[%clk 1:30:30]} Rxa8 {[%clk 1:30:30]} 31. Rxa8 {[%clk
1:30:30]} Nxa8 {[%clk 1:30:30]} 32. Kc3 {[%clk 1:30:30]} Ke8 {[%clk 1:30:30]} 33.
h3 {[%clk 1:30:30]} Kd7 {[%clk 1:30:30]} 34. Kd4 {[%clk 1:30:30]} Kc7 {[%clk
1:30:30]} 35. g4 {[%clk 1:30:30]} fxg4 {[%clk 1:30:30]} 36. hxg4 {[%clk 1:30:30]}
Kb6 {[%clk 1:30:30]} 37. g5 {[%clk 1:30:30]} Ka5 {[%clk 1:30:30]} 38. Bd3 {[%clk
1:30:30]} Nb6 {[%clk 1:30:30]} 39. f5 {[%clk 1:30:30]} Nd7 {[%clk 1:30:30]} 40.
fxg6 {[%clk 1:30:30]} hxg6 {[%clk 1:30:30]} 41. Bxg6 {[%clk 1:30:30]} Ne5 {[%clk
1:30:30]} 42. Be4 {[%clk 1:30:30]} Kb4 {[%clk 1:30:30]} 43. g6 {[%clk 1:30:30]}
Ng4 {[%clk 1:30:30]} 44. g7 {[%clk 1:30:30]} Nf6 {[%clk 1:30:30]} 45. Bh7 {[%clk
1:30:30]} Kxb3 {[%clk 1:30:30]} 46. g8Q {[%clk 1:30:30]} Nxg8 {[%clk 1:30:30]}
47. Bxg8 {[%clk 1:30:30]} 1-0

[Event "Campeonato España Sub 16"]
[Site "Salobreña"]
[Date "2017.07.26"]
[Round "5"]
[White "Garcia Sancho, Josep"]
[Black "Dominguez Ruiz, Mario"]
[Result "1-0"]
[Board "12"]
[WhiteClock "1:30"]
[WhiteElo "2092"]
[WhiteCountry "ESP"]
[WhiteFideId "32010168"]
[WhiteEloChange "8"]
[BlackClock "1:30"]
[BlackElo "2004"]
[BlackCountry "ESP"]
[BlackFideId "32092563"]
[BlackEloChange "-8"]

1. d4 {[%clk 1:30:00]} Nf6 {[%clk 1:30:00]} 2. g3 {[%clk 1:31:00]} g6 {[%clk
1:26:00]} 3. Bg2 {[%clk 1:31:00]} Bg7 {[%clk 1:26:00]} 4. Nf3 {[%clk 1:30:00]}
O-O {[%clk 1:26:00]} 5. O-O {[%clk 1:30:00]} c5 {[%clk 1:21:00]} 6. c3 {[%clk
1:26:00]} cxd4 {[%clk 1:16:00]} 7. Nxd4 {[%clk 1:26:00]} d6 {[%clk 1:14:00]} 8.
Qb3 {[%clk 1:23:00]} Na6 {[%clk 1:09:00]} 9. Nd2 {[%clk 1:19:00]} Rb8 {[%clk
1:03:00]} 10. Rd1 {[%clk 1:09:00]} Bd7 {[%clk 0:59:00]} 11. Nf1 {[%clk 1:00:00]}
Qc7 {[%clk 0:54:00]} 12. Bg5 {[%clk 0:59:00]} Nc5 {[%clk 0:51:00]} 13. Qc2 {[%clk
0:59:00]} Bc6 {[%clk 0:48:00]} 14. Ne3 {[%clk 0:56:00]} Bxg2 {[%clk 0:47:00]} 15.
Kxg2 {[%clk 0:57:00]} b5 {[%clk 0:42:00]} 16. Bxf6 {[%clk 0:33:00]} Qb7+ {[%clk
0:39:00]} 17. Kg1 {[%clk 0:32:00]} Bxf6 {[%clk 0:39:00]} 18. Nb3 {[%clk 0:31:00]}
Rfc8 {[%clk 0:34:00]} 19. a3 {[%clk 0:27:00]} Bg7 {[%clk 0:30:00]} 20. Nxc5
{[%clk 0:27:00]} Rxc5 {[%clk 0:30:00]} 21. Qb3 {[%clk 0:27:00]} h5 {[%clk
0:22:00]} 22. Rd5 {[%clk 0:26:00]} Rc6 {[%clk 0:21:00]} 23. Rad1 {[%clk 0:22:00]}
Qb6 {[%clk 0:19:30]} 24. R5d3 {[%clk 0:20:00]} e6 {[%clk 0:18:21]} 25. Qb4 {[%clk
0:13:46]} d5 {[%clk 0:15:03]} 26. Qf4 {[%clk 0:12:52]} f5 {[%clk 0:07:42]} 27.
Qg5 {[%clk 0:11:32]} Kh7 {[%clk 0:07:51]} 28. Ng2 {[%clk 0:11:08]} Qb7 {[%clk
0:06:50]} 29. h3 {[%clk 0:09:41]} Bh6 {[%clk 0:05:06]} 30. Qh4 {[%clk 0:08:17]}
Qf7 {[%clk 0:04:35]} 31. Qd4 {[%clk 0:06:08]} Rbc8 {[%clk 0:04:30]} 32. Qb4
{[%clk 0:05:38]} Rb6 {[%clk 0:04:20]} 33. Ne1 {[%clk 0:05:38]} Rc4 {[%clk
0:04:22]} 34. Qb3 {[%clk 0:06:07]} Bg7 {[%clk 0:02:54]} 35. Nf3 {[%clk 0:06:32]}
Bf6 {[%clk 0:02:23]} 36. Qc2 {[%clk 0:06:10]} Qb7 {[%clk 0:02:15]} 37. Qd2 {[%clk
0:06:23]} a5 {[%clk 0:02:28]} 38. Ng5+ {[%clk 0:06:09]} Kg7 {[%clk 0:02:53]} 39.
Qe3 {[%clk 0:06:30]} Bxg5 {[%clk 0:02:55]} 40. Qxg5 {[%clk 0:06:58]} b4 {[%clk
0:03:25]} 41. cxb4 {[%clk 0:04:11]} axb4 {[%clk 0:03:43]} 42. Ra1 {[%clk
0:03:44]} Ra6 {[%clk 0:03:40]} 43. a4 {[%clk 0:02:49]} Rc2 {[%clk 0:01:07]} 44.
Qf4 {[%clk 0:02:28]} Kf7 {[%clk 0:01:36]} 45. Rb3 {[%clk 0:02:06]} Rc4 {[%clk
0:01:07]} 46. Qh6 {[%clk 0:01:51]} Qc6 {[%clk 0:01:00]} 47. Qh7+ {[%clk 0:02:00]}
Kf6 {[%clk 0:01:29]} 48. Qh8+ {[%clk 0:02:28]} Kf7 {[%clk 0:01:58]} 49. Qh7+
{[%clk 0:02:52]} Kf6 {[%clk 0:02:18]} 50. Qg8 {[%clk 0:03:03]} Rxa4 {[%clk
0:00:50]} 51. Qf8+ {[%clk 0:03:07]} Ke5 {[%clk 0:01:03]} 52. Re3+ {[%clk
0:03:17]} Re4 {[%clk 0:00:40]} 53. f4+ {[%clk 0:03:05]} Kd4 {[%clk 0:01:05]} 54.
Rd3+ {[%clk 0:03:33]} Kc4 {[%clk 0:01:17]} 55. Rc1+ {[%clk 0:03:57]} Kb5 {[%clk
0:01:32]} 56. Rxc6 {[%clk 0:04:03]} Kxc6 {[%clk 0:01:56]} 57. Qe8+ {[%clk
0:04:03]} 1-0